00483nam a2200145Ia 4500008004100000041000800041082001600049100001600065245004400081260003200125300003000157365001100187999001700198952012200215240624s9999 xx 000 0 und d aeng a658.404 MOR aMORGAN JEFF aMANAGING IT PROJECT FOR BUSINESS CHANGE c2014aNew DelhibViva Books axi, : 226 : p. : cm. ; 23 cRSb33 c27417d27417 00104070aIMTNbIMTNcRack 30-Ad2016-05-02eAPg895.00o658.404 MORp27417r2024-06-24 00:00:00t1w2024-06-24yBK